000 00279nam a2200109Ia 4500
008 190216s9999||||xx |||||||||||||| ||und||
100 _aTaneja M L & Myer R M
245 0 _aSelf Employment On Small Scale Industries
260 _bCjr Tes
650 _aReferences
942 _cREF
999 _c35832
_d35832